Ad Reinhardt, el arte es el arte... y todo lo demás es todo lo demás : (Record no. 192847)

MARC details
000 -LEADER
campo de control de longitud fija 01739nam a2200397 i 4500
001 - NÚMERO DE CONTROL
campo de control 192847
003 - IDENTIFICADOR DE NÚMERO DE CONTROL
campo de control SpMaBN
005 - FECHA Y HORA DE LA ÚLTIMA TRANSACCIÓN
campo de control 20250817062602.0
007 - CAMPO FIJO DE DESCRIPCIÓN FÍSICA--INFORMACIÓN GENERAL
campo de control de longitud fija ta
008 - DATOS DE LONGITUD FIJA--INFORMACIÓN GENERAL
campo de control de longitud fija 230606s2021 sp a | |||| 001 0 spa
017 ## - NÚMERO DE COPYRIGHT O DE DEPÓSITO LEGAL
Número de copyright o de depósito legal M 883-2021
Agencia que asigna Oficina Depósito Legal Madrid
020 ## - NÚMERO INTERNACIONAL ESTÁNDAR DEL LIBRO
Número Internacional Estándar del Libro 9788470756672
040 ## - FUENTE DE CATALOGACIÓN
Centro catalogador/agencia de origen SpMaBN
Lengua de catalogación spa
Centro/agencia transcriptor SpMaBN
Normas de descripción rda
080 ## - NÚMERO DE LA CLASIFICACIÓN DECIMAL UNIVERSAL
Número de la Clasificación Decimal Universal 7 Reinhardt, Ad (083.824)
100 1# - ENTRADA PRINCIPAL--NOMBRE DE PERSONA
Nombre de persona Reinhardt, Ad,
Fechas asociadas al nombre 1913-1967
9 (RLIN) 226621
Término indicativo de función/relación Autor
245 10 - MENCIÓN DEL TÍTULO
Título Ad Reinhardt, el arte es el arte... y todo lo demás es todo lo demás :
Resto del título 15 de octubre de 2021 - 16 de enero de 2022 /
Mención de responsabilidad, etc. Ad Reinhardt ; Manuel Fontán del Junco, María Toledo Gutiérrez (eds.) ; textos de Ad y ensayos de Lynn Zelevansky [... et al.]
264 #1 - PRODUCCIÓN, PUBLICACIÓN, DISTRIBUCIÓN, FABRICACIÓN Y COPYRIGHT
Producción, publicación, distribución, fabricación y copyright Madrid :
Nombre del de productor, editor, distribuidor, fabricante Fundación Juan March,
Fecha de producción, publicación, distribución, fabricación o copyright [2021]
300 ## - DESCRIPCIÓN FÍSICA
Extensión 249, [96] páginas de láminas :
Otras características físicas ilustraciones (blanco y negro y color) ;
Dimensiones 29 cm
336 ## - TIPO DE CONTENIDO
Término de tipo de contenido Texto
-- Imagen fija
Fuente rdacontent
337 ## - TIPO DE MEDIO
Nombre/término del tipo de medio sin mediación
Fuente rdamedia
338 ## - TIPO DE SOPORTE
Nombre/término del tipo de soporte volumen
Fuente rdacarrier
500 ## - NOTA GENERAL
Nota general Índice
500 ## - NOTA GENERAL
Nota general El catálogo se despliega en dos volúmenes independientes unidos por la cubierta y guardados en funda
504 ## - NOTA DE BIBLIOGRAFÍA, ETC.
Nota de bibliografía, etc. Bibliografía: páginas 230-238
600 1# - PUNTO DE ACCESO ADICIONAL DE MATERIA--NOMBRE DE PERSONA
Nombre de persona Reinhardt, Ad,
Fechas asociadas al nombre 1913-1967-
Subdivisión de forma Exposiciones
Fuente del encabezamiento o término embne
9 (RLIN) 226622
655 #7 - TERMINO DE INDIZACIÓN--GENERO/FORMA
Datos o término principal de género/forma Catálogos de exposiciones
Fuente del término tgfbne
9 (RLIN) 193628
700 1# - ENTRADA AGREGADA--NOMBRE PERSONAL
Nombre de persona Fontán del Junco, Manuel,
Fechas asociadas al nombre 1963-
Término indicativo de función/relación Editor literario
9 (RLIN) 226485
700 1# - ENTRADA AGREGADA--NOMBRE PERSONAL
Nombre de persona Toledo Gutiérrez, María
9 (RLIN) 175677
Término indicativo de función/relación Editor literario
700 1# - ENTRADA AGREGADA--NOMBRE PERSONAL
Nombre de persona Zelevansky, Lynn
9 (RLIN) 226623
Término indicativo de función/relación Autor
710 2# - ENTRADA AGREGADA--NOMBRE DE ENTIDAD CORPORATIVA
Nombre de entidad corporativa o nombre de jurisdicción como elemento de entrada Fundación Juan March
Término indicativo de función/relación Editor
9 (RLIN) 4346
740 3# - ENTRADA AGREGADA--TÍTULO RELACIONADO/ANALÍTICO NO CONTROLADO
Título relacionado o analítico no controlado El arte es el arte... y todo lo demás es todo lo demás
852 ## - LOCALIZACIÓN
Ubicación ES-MaACL
Sublocalización o colección R.153267
Ubicación en estantería Depósito J
Número de control de estantería N-8480
itemnumber 200149
942 ## - ELEMENTOS DE ENTRADA SECUNDARIOS (KOHA)
Suprimir en OPAC No
Tipo de ítem Koha Libro impreso
Holdings
Estatus retirado Estado de pérdida Fuente del sistema de clasificación o colocación Estado de daño No para préstamo Biblioteca de origen Biblioteca actual Ubicación en estantería Fecha de adquisición Total de préstamos Signatura topográfica completa Código de barras Visto por última vez Precio de reemplazo Tipo de ítem Koha
    Clasificación decimal universal     Biblioteca del Ateneo de Madrid Biblioteca del Ateneo de Madrid Depósito J 01/01/2022   N-8480 101205445 06/06/2023 06/06/2023 Libro impreso